MARC

LEADER 00000nam0a2200000 4500
001 373671
005 20231102012603.0
035 |a (RuTPU)RU\TPU\retro\31101 
035 |a RU\TPU\book\270769 
090 |a 373671 
100 |a 20221216d1964 k y0rusy50 ca 
101 1 |a rus  |c eng 
102 |a RU 
105 |a a z 001zy 
200 1 |a Электролюминесценция  |e пер. с англ.  |f Г. Хениш 
210 |a Москва  |c Мир  |d 1964 
215 |a 456 с.  |c ил. 
320 |a Библиогр.: с. 383-440. 
320 |a Именной и предметный указатель: 441-449. 
606 1 |a Люминесценция  |x (оптика)  |2 stltpush  |3 (RuTPU)RU\TPU\subj\71064  |9 85127 
610 1 |a электролюминесценция 
610 1 |a фосфоры 
610 1 |a явления 
610 1 |a наблюдения 
610 1 |a теоретические модели 
610 1 |a инжекция 
610 1 |a носители 
610 1 |a накопление 
610 1 |a ионизация 
610 1 |a поляризация 
610 1 |a подобие 
610 1 |a рекомбинация 
610 1 |a получение 
610 1 |a структура 
610 1 |a свойства 
610 1 |a механизмы 
610 1 |a кристаллы 
610 1 |a эксперименты 
610 1 |a возбуждение 
610 1 |a теория 
675 |a 535.37  |v 3 
700 1 |a Хениш  |b Г. 
801 1 |a RU  |b 63413507  |c 20140128 
801 2 |a RU  |b 63413507  |c 20221216  |g RCR 
942 |c BK